Teresa Of Avila : Selections From The Interior Castle (Record no. 583315)

MARC details
000 -LEADER
fixed length control field 00330nam a22001217a 4500
008 - FIXED-LENGTH DATA ELEMENTS--GENERAL INFORMATION
fixed length control field 250820b |||||||| |||| 00| 0 eng d
020 ## - INTERNATIONAL STANDARD BOOK NUMBER
ISBN 9780060576479
Paper back/Hardbound pbk
082 ## - DEWEY DECIMAL CLASSIFICATION NUMBER
Classification number 282.482
Item number WIL
100 ## - MAIN ENTRY--AUTHOR NAME
Personal name Teresa
245 ## - TITLE STATEMENT
Title Teresa Of Avila : Selections From The Interior Castle
Statement of responsibility, etc /Teresa
942 ## - ADDED ENTRY ELEMENTS (KOHA)
Koha item type English Books
Holdings
Withdrawn status Lost status Damaged status Not for loan Home library Current library Shelving location Date acquired Full call number Accession Number Price effective from Koha item type
        Anna Centenary Library Anna Centenary Library 3RD FLOOR, B WING 20.08.2025 282.482 WIL 467672 20.08.2025 English Books

Find us on the map